Tropical root crops : production and uses in Africa : proceedings of the Second Triennial Symposium of the International Society for Tropical Root Crops, Africa Branch, held in Douala, Cameroon, 14-19 August 1983 /

Guardado en:
Autores Corporativos: International Society for Tropical Root Crops. Africa Branch. Symposium, International Development Research Centre (Canada)
Otros Autores: Terry, E. R.
Formato: Libro
Idioma:English
Publicado: Otawa : IDRC, c1984.
Series:IDRC ; 221e
Acceso en línea:Texto completo
Etiquetas: Agregar Etiqueta
Sin Etiquetas, Sea el primero en etiquetar este registro!
LEADER 01043nam a22002175a 4500
001 EEA.libagro003413
005 20190610094440.0
008 130809s1984####xxca#####b####000#0#eng#d
020 |a 0889364095 
082 0 4 |a 633.68 
110 2 |a International Society for Tropical Root Crops.  |b Africa Branch.  |b Symposium  |n (2nd  |d 1983  |c Douala, Cameroon) 
245 1 0 |a Tropical root crops :  |b production and uses in Africa : proceedings of the Second Triennial Symposium of the International Society for Tropical Root Crops, Africa Branch, held in Douala, Cameroon, 14-19 August 1983 /  |c editors, E.R. Terry ... [et al.]. 
260 |a Otawa :  |b IDRC,  |c c1984. 
300 |a 231 p :  |b il. ;  |c 25 cm. 
490 1 |a IDRC ;  |v 221e 
504 |a Bibliografía: p. 209-228. 
530 |a Disponible también en línea. 
700 1 |a Terry, E. R. 
710 2 |a International Development Research Centre (Canada) 
856 |u https://idl-bnc.idrc.ca/dspace/bitstream/10625/50421/1/57399%5Fp138-139.pdf  |3 Texto completo 
859 |a AR-BbBCA  |b BIB. AGRONOMIA  |h 633.68  |i T329  |p 1984/0126